000
00225nam a2200085Ia 4500
245
0
_a
Italian for beginners
100
_a
Harmel, Kristin London, 2009
_9
76079
942
_c
BK
008
210817s9999 xx 000 0 und d
999
_c
303323
_d
303321